| 000 | 01148cam a22003737a 4500 | ||
|---|---|---|---|
| 001 | 000035135 | ||
| 003 | CHAP | ||
| 005 | 20220329135312.0 | ||
| 008 | 971013s1972 r 00010 d | ||
| 010 | _a34081 | ||
| 011 | _a35053 | ||
| 035 | _a39169 | ||
| 040 | _cCHAP | ||
| 090 | _aFolleto 821 | ||
| 100 | 0 | 0 |
_aMendoza, Víctor Manuel. _974784 |
| 245 | 1 | 0 |
_aCultivo del nogal : _b: plantación. |
| 260 |
_aMéxico, D.F. : _bComisión Nacional de Fruticultura, _c1972. |
||
| 300 |
_a62 p. : _b: ilus. |
||
| 490 | 1 | _aSerie especial | |
| 500 | _ac.4,5 en bodega | ||
| 590 |
_aBATCH-UPD _b10 _c20130110 _lUCH01 _h1057 |
||
| 590 |
_aBATCH-UPD _b10 _c20130410 _lUCH01 _h0652 |
||
| 590 |
_aBATCH-UPD _b10 _c20130914 _lUCH01 _h1813 |
||
| 590 |
_aCONVERSION _b10 _c20130109 _lUCH01 _h1319 |
||
| 590 |
_aE5995AHE _b10 _c20141117 _lUCH01 _h1040 |
||
| 650 | 1 | 4 |
_aNogal. _981544 |
| 830 | 0 |
_aSerie especial _9104852 |
|
| 901 | _aBK | ||
| 942 | _cFOLL | ||
| 942 | _n0 | ||
| 949 |
_aFolleto 821 _bBC _cFOLL _d-89426 _eTS1 _i39169 _si |
||
| 949 |
_aFolleto 821 _bBC _cFOLL _d-89427 _eTS2 _fc.2 _i39169 _si |
||
| 949 |
_aFolleto 821 _bBC _cFOLL _d-89428 _eTS2 _fc.3 _i39169 _si |
||
| 999 |
_c34081 _d34081 |
||